Prezentácia nákladov a výnosov v účtovnej závierke zostavenej podľa slovenskej právnej úpravy účtovníctva podnikateľov a IFRS diplomová práca

Guardado en:
Detalles Bibliográficos
Autor principal: Kostolný, Daniel
Autor Corporativo: Fakulta hospodárskej informatiky EU. Katedra účtovníctva a audítorstva
Otros Autores: Šlosárová, Anna
Formato: Libro
Lenguaje:eslovaco
Publicado: Bratislava 2012
Etiquetas: Agregar Etiqueta
Sin Etiquetas, Sea el primero en etiquetar este registro!

MARC

LEADER 00000nbm a2200000 4500
001 0154741
005 20161109102141.6
041 0 |a slo 
044 |a SK 
245 1 0 |a Prezentácia nákladov a výnosov v účtovnej závierke zostavenej podľa slovenskej právnej úpravy účtovníctva podnikateľov a IFRS  |b diplomová práca  |c Daniel Kostolný ; školiteľ: Anna Šlosárová 
264 1 |a Bratislava  |c 2012 
300 |a 72 s. 
100 1 |a Kostolný, Daniel 
700 1 |a Šlosárová, Anna 
710 2 |a Fakulta hospodárskej informatiky EU. Katedra účtovníctva a audítorstva